000 00318nam a2200121Ia 4500
005 20251222154357.0
008 251222s9999||||xx |||||||||||||| ||spa||
020 _a84-7515-572-2
082 _a235.5/O23
100 _a"Oberlander, Beatriz"
245 0 _aJerusalén: La ciudad santa de las tres religiones
942 _cLIB
999 _c35133
_d35133